LEADER 00980nam a2200229 i 4500 001 000000154129 003 CaOOAMICUS 005 20061012000000.0 008 061012n it u000 u ita u 013 $a131475 040 $aSeMil$bita 100 1 $aCorti, Gaetano <1910-1989>.$0(OLS)http://semarc/name/89151 245 12$aL'ipotesi di una rivelazione /$cGaetano Corti. 260 $a[S.l.] :$bPro manuscripto,$c[195-] 300 $a62 p. ;$c22 cm. 650 4$aFede cattolica.$0(OLS)http://semarc/subject/376 773 0 $aCorti, Gaetano <1910-1989>$tBasi razionali della fede cattolica.$dVarese : Tipografia arcivescovile dell'Addolorata, imprimatur 1953.$g[Vol.2$w()1091 850 $aSeMil 852 $aSeMil$W1$xVenegono$y1$m5A VIII 8/23 =$j105992$B105992$CSeMilBibl$Z2$F115297 $81 961 $aRecupero: Altro 996 $6245$aL'ipotesi di una rivelazione$9(OLS)http://semarc/title/225535 996 $6260$a[S.l.] :$bPro manuscripto$9(OLS)http://semarc/publisher/34245 LEADER 01135nam a2200265 i 4500 001 000000156370 003 CaOOAMICUS 005 20061204000000.0 008 061204s1964 it u000 u ita u 013 $a133725 040 $aSeMil$bita 245 10$aFernand Léger /$c[ Emilio Tadini ]. 246 04$iTitolo in copertina:$aLéger 260 $aMilano :$bFabbri,$ccopyr. 1964. 300 $a[6] p., 17. p. di tav. :$bill. ;$c36 cm. 490 0 $aI maestri del colore : la piů grande collana d'arte del mondo ;$v31 500 $aFormulazione di responsabilitŕ ricavata dal testo. 650 4$aLéger, Fernand.$0(OLS)http://semarc/subject/30582 700 1 $aTadini, Emilio.$0(OLS)http://semarc/name/15476 830 2$aI maestri del colore : la piů grande collana d'arte del mondo ;$v31.$0(OLS)http://semarc/title/2091 850 $aSeMil 852 $aSeMil$W1$xVenegono$y1$m5G XII 4/31$j108142$B108142$CSeMilBibl$Z2$F117752 $81 996 $6245$aFernand Léger$9(OLS)http://semarc/title/226746 996 $6246$aLéger$9(OLS)http://semarc/title/229173 996 $6260$aMilano :$bFabbri$9(OLS)http://semarc/publisher/30054